| 000 | 02095nam a2200301 a 4500 | ||
|---|---|---|---|
| 001 | 77794 | ||
| 003 | BD-RjUL | ||
| 005 | 20211209083027.0 | ||
| 008 | 210114s2006 bg a|||| m||| 00| 0 ben d | ||
| 035 | _a(BD-RjUL)78020 | ||
| 040 |
_aBD-RjUL _bben /eng _cBD-RjUL _dBD-RjUL |
||
| 041 | _aben | ||
| 082 |
_a954.925 _bHAB 2006 _223 |
||
| 100 |
_aহক, শেখ মোহ্তাশামুল _9243588 |
||
| 245 | 1 | 0 |
_aবাংলাদেশের ঝিনাইদহ জেলা : _bসমাজ, সংস্কৃতি ও অর্থনীতি / _cশেখ মোহ্তাশামুল হক ; _6গবেষণা তত্ত্বাবধায়ক : এ. বি. এম. শাহজাহান |
| 260 |
_aরাজশাহী : _bইসলামের ইতিহাস ও সংস্কৃতি বিভাগ, রাজশাহী বিশ্ববিদ্যালয়, _c২০০৬ |
||
| 300 |
_avii, ৩৪১ পাতা : _bচিএ ; _c২৯ সেমি. |
||
| 502 | _aথিসিস (এম. ফিল.) -- ইসলামের ইতিহাস ও সংস্কৃতি বিভাগ, রাজশাহী বিশ্ববিদ্যালয়, ২০০৬ | ||
| 504 | _aগ্রন্থপঞ্জি : পাতা [৩২৩]-৩৩১ | ||
| 651 |
_aবাংলাদেশ _zঝিনাইদহ জেলা _xইতিহাস _9243589 |
||
| 651 |
_aBangladesh _zJhenaidah district _xHistory _9243590 |
||
| 651 |
_aবাংলাদেশ _zঝিনাইদহ জেলা _xসামাজিক জীবন এবং রীতিনীতি _9243612 |
||
| 651 |
_a Bangladesh _zJhenaidah district _xSocial life and customs _9243613 |
||
| 651 |
_aবাংলাদেশ _zঝিনাইদহ জেলা _xঅর্থনৈতিক পরিস্থিতি _9243614 |
||
| 651 |
_aBangladesh _zJhenaidah district _xEconomic conditions _9243615 |
||
| 700 |
_aশাহজাহান, এ. বি. এম. , গবেষণা তত্ত্বাবধায়ক _9243591 |
||
| 942 |
_2ddc _cTHE |
||
| 999 |
_c77794 _d77794 |
||